Statistics for Mind your Ps and Qs!

Click here to take the quiz!

General Stats

  • This quiz has been taken 530 times
  • The average score is 7 of 14

Answer Stats

HintAnswer% Correct
Not transparentOpaque
88%
Multiply by fourQuadruple
76%
Arouse interestPique
73%
Make a jokeQuip
69%
A person's build, figurePhysique
58%
Commemorative tabletPlaque
57%
Star Wars Ep. 1, 2 or 3Prequel
54%
Scenic, attractivePicturesque
45%
Gear, toolsEquipment
43%
Pungent, tangyPiquant
31%
French boules gamePétanque
21%
Lively ballroom danceQuickstep
18%
Puny, weak personPipsqueak
13%
19th Hebrew letterQoph
6%

Score Distribution

Percentile by Number Answered

Percent of People with Each Score

Your Score History

You have not taken this quiz